Love is like a storm tonight (monster high) - lyrics - Statistics

General Stats
  • This quiz has been taken 2 times
  • The average score is 215 of 322
Answer Stats
Answer % Correct
a
100%
and
100%
I
100%
is
100%
like
100%
love
100%
Love
100%
storm
100%
to
100%
tonight
100%
You
100%
you
100%
your
100%
you're
100%
air
50%
be
50%
but
50%
can
50%
Clap
50%
clap
50%
Clouds
50%
clouds
50%
dare
50%
dont
50%
down
50%
everywhere
50%
feeling
50%
flood
50%
for
50%
go
50%
hands
50%
if
50%
in
50%
it
50%
it's
50%
It's
50%
Love's
50%
no
50%
of
50%
off
50%
(oh)
50%
(oh
50%
oh)
50%
oh
50%
out
50%
outside
50%
pouring
50%
said
50%
so
50%
stay
50%
the
50%
Yeah
50%
yeah
50%
about
0%
afraid
0%
below
0%
brushing
0%
dodge
0%
eye
0%
get
0%
gonna
0%
hurricane
0%
look
0%
moving
0%
nowhere
0%
rain
0%
slow
0%
spin
0%
Stars
0%
takes
0%
tell
0%
that
0%
then
0%
there's
0%
time
0%
trapped
0%
traps
0%
try
0%
wanna
0%
No matching quizzes found
Score Distribution
Percent of People with Each Score
Percentile by Number Answered
Your Score History
You have not taken this quiz